Con đường chiếm lĩnh tri thức: Chinh phục vũ trụ

Salvato in:
Dettagli Bibliografici
Autore principale: Lê Huy Hòa
Natura: Libro
Lingua:Undetermined
Pubblicazione: ĐHQG Hà Nội 2002
Tags: Aggiungi Tag
Nessun Tag, puoi essere il primo ad aggiungerne! !
Thư viện lưu trữ: Trung tâm Học liệu Trường Đại học Cần Thơ
LEADER 00432nam a2200145Ia 4500
001 CTU_48398
008 210402s9999 xx 000 0 und d
082 |a 500 
082 |b H401c 
100 |a Lê Huy Hòa 
245 0 |a Con đường chiếm lĩnh tri thức: Chinh phục vũ trụ 
245 0 |c Lê Huy Hòa 
260 |b ĐHQG Hà Nội 
260 |c 2002 
980 |a Trung tâm Học liệu Trường Đại học Cần Thơ